FINANCIAL AND COMMODITIES DERIVATIVES (Record no. 9065)
[ view plain ]
| 000 -LEADER | |
|---|---|
| fixed length control field | 00536nam a22001697a 4500 |
| 003 - CONTROL NUMBER IDENTIFIER | |
| control field | SGT |
| 020 ## - INTERNATIONAL STANDARD BOOK NUMBER | |
| International Standard Book Number | 9789382391128 |
| 082 ## - DEWEY DECIMAL CLASSIFICATION NUMBER | |
| Classification number | 332.6457,ROY |
| 100 ## - MAIN ENTRY--PERSONAL NAME | |
| Personal name | ROY,H J GHOSH |
| 245 ## - TITLE STATEMENT | |
| Title | FINANCIAL AND COMMODITIES DERIVATIVES |
| 250 ## - EDITION STATEMENT | |
| Edition statement | 1ST |
| 260 ## - PUBLICATION, DISTRIBUTION, ETC. (IMPRINT) | |
| Place of publication, distribution, etc | NEW DELHI |
| Name of publisher, distributor, etc | LUXMI PUBLISHING HOUSE |
| Year of Publication | 2013 |
| 300 ## - PAGE DESCRIPTION | |
| No. of Pages | 379 |
| 650 ## - SUBJECT ADDED ENTRY--TOPICAL TERM | |
| Topical term or geographic name as entry element | FINANCIAL ECONOMICS |
| 653 ## - KEYWORDS--INDEX TERM | |
| Keyword term | GROWTH & DEVELOPMENT OF DERIVATIVES MARKETS, EQUITY DERIVATIVES, CREDIT DERIVATIVES, CURRENCY DERIVATIVES, COMMODITIES DERIVATIVES, MISCELLANEOUS, |
| 942 ## - ADDED ENTRY ELEMENTS (KOHA) | |
| Source of classification or shelving scheme | Dewey Decimal Classification |
| Koha item type | FCM Books |
| 942 ## - ADDED ENTRY ELEMENTS (KOHA) | |
| -- | 1 |
| Withdrawn status | Lost status | Source of classification or shelving scheme | Damaged status | Not for loan | Collection code | Home library | Current library | Shelving location | Date acquired | Vendor Name | Cost, normal purchase price | SGTU | Total Checkouts | Full call number | Accession No. (Barcode) | Date last seen | Date last borrowed | Bill Date | Koha item type |
|---|---|---|---|---|---|---|---|---|---|---|---|---|---|---|---|---|---|---|---|
| Dewey Decimal Classification | COMMERCE MANAGEMENT | SGT Science & Social Sciences Library | SGT Science & Social Sciences Library | On Display | 16/06/2016 | GIFT | 800.00 | SGTU | 5 | 332.6457,ROY | CM279 | 02/04/2025 | 03/02/2025 | 16/06/2016 | FCM Books |